000 01026cam a2200253 4500
008 000000n2000 000 0 eng u
020 _a0748408460
035 _a(Sirsi) u105583
050 _a333.70285
100 _aFotheringham, Stewart
_xEditor
245 _aSpatial models and GIS : new and potential models
260 _aLondon
_bTaylor and Francis
_c2000
300 _axxv, 279p. ; 24cm.
350 _a49.99
490 _aGISDATA
_v7
520 _aExploring the potential and impact of GIS on spatial modelling, this book draws on the work of a task force of the GISDATA research network. Much of the book is derived from papers presented at one of its meetings covering environmental and socio-economic modelling in hydrology, meteorology, landscape ecology, transport, land use planning, demography and economics.
650 _aGIS
650 _aSPATIAL MODELLING
650 _aGIS
650 _aSOFTWARE
690 _aMAPPING AND MEASUREMENT-GIS
700 _aWegener, Michael
_xEditor
942 _n0
999 _c100425
_d100425